Wszyscy wrogowie Polski - Statystyki

Ogólne statystyki
  • Ten quiz został rozwiązany 67 razy
    64 od ostatniego zresetowania
  • Średni wynik to 34 z 39
Statystyki odpowiedzi
Rok pierwszego
Konfliktu
Odpowiedź % Poprawnych
1238 Brandenburgia
100%
1939 III Rzesza
100%
979 I Rzesza Niemiecka
100%
1563 Królestwo Szwecji
100%
1655 Prusy
100%
1918 Republika Weimarska
100%
1715 Saksonia
100%
1225 Turyngia
100%
1308 Zakon Krzyżacki
100%
1919 Związek Radziecki
100%
1575 Carstwo Rosyjskie
98%
1797 Imperium rosyjskie
98%
1500 Wielkie Księstwo Moskiewskie
98%
1919 Czechosłowacja
96%
1262 Litwa
96%
1919 Republika Litewska
96%
1914 Francja
94%
988 Księstwo Czech
94%
1587 Arcyksięstwo Austriackie
92%
1797 Cesarstwo austrii
92%
1051 Królestwo Węgier
92%
1099 Księstwo Halickie
92%
981 Ruś Kijowska
92%
1575 Chanat Krymski
88%
1918 Ukraina
88%
1444 Imperium Osmańskie
85%
1939 Królestwo włoch
85%
1939 Republika Słowacka
85%
1797 Imperium Brytyjskie
81%
2003 (Interwencja NATO) Irak (rebelianci, terroryści)
81%
1914 Wielka Brytania
79%
1454 Dania
77%
1941 Cesarstwo Japonii
75%
1241 Imperium Mongolskie
75%
2002 (interwencja NATO) Islamski Emirat Afganistanu
69%
1599 Siedmiogród
67%
1599 Wołoszczyzna
67%
1359 Hospodarstwo Mołdawskie
46%
2012 (Interwencja NATO) Mali (terroryści)
6%
Nie znaleziono quizów pasujących do podanych kryteriów
Rozkład punktacji
Procent ludzi z każdym wynikiem
Percentyl według liczby udzielonych odpowiedzi
Twoja historia wyników
Nie rozwiązałeś tego quizu od ostatniego zresetowania